Регионална библиотека "Любен Каравелов" - Русе

Чичовци (Запис номер 163263)

MARC детайли
000 -Лидер
Контролно поле с фиксирана дължина nam a22 a 4500
003 - Код на организацията, давaща контролен номер
Контролно поле BLK
005 - Дата и час на последна редакция
Контролно поле 20220209074511.0
008 - Елементи от данни с фиксирана дължина
fixed length control field 180410b bul|||||r ||||||| ||bul||
010 ## - Наследен системен номер
LC control number KNG00170668000
040 ## - Източник на каталожния запис
Идентификатор на билиотеката - собственик на записа BLK
041 ## - Код за език
Код за езика на текст/звукозапис или на отделно заглавие Български
Код за езика КДБФ Български
080 ## - УДК
Текстов определител УДК Българска литература
УДК код - определител по УДК 821.163.2
УДК определител -32
УДК - код + определител 821.163.2-32
100 1# - Редна дума - Автор
Автор Вазов, Иван Минчов
Авторска отговорност първи автор
R(LIN) 363396
139 ## - Редно поле
Редна дума Вазов, Иван Минчов
Авторски знак Вазов, Ив. - В 15
245 10 - Сведения за заглавието
Заглавие Чичовци
Подзаглавни данни Галерия от типове и нрави български в турско време
Редно поле (дума) Иван Минчов Вазов; предг. от Георги Митрев Марков
257 ## - Страна на издаване
Страна на създаване/издаване България
260 ## - Област на издателските данни
Място на издаване, разпространение и проч. София
Име на издателя, разпространителя и проч. Бълг. писател
Година на издаване 1962
300 ## - Физическа характеристика
Страници 104 с.
Размери/Мащаб 25 см
380 ## - Жанр
Жанр Худож. лит.
490 ## - СЕРИИ (Колекции)
Име на серия Библиотека за ученика
9 (RLIN) 201322
700 1# - Други автори (авторска отговорност)
Лично име Марков, Георги Митрев
Автороска отговорност (Описва отношението между автора и произведението) предг. от
9 (RLIN) 369427
852 ## - Местоположение
Форматна сигнатура Цб 23323
Фондова буква Хранилище
856 4# - Електронен адрес и достъп
Електронен формат pdf - файл
856 4# - Електронен адрес и достъп
Електронен формат pdf - файл
999 ## - СИСТЕМНИ КОНТРОЛНИ НОМЕРА
Koha biblionumber 163263
Koha biblioitemnumber 163263
942 ## - АРТИКУЛИ
Вид на библиотечния материал Книги
Скрит в OPAC Не
Koha issues (borrowed), all copies 1
Периодичен библиозапис Да
944 ## - СЪЗДАВАНЕ И РЕДАКЦИЯ на ЗАПИСА
Създаване/Редакция Създаване
Дата на регистрацията/редакция 31.01.2015
Статус, дата на статуса 31.01.2015 - от С1,Р / 31.01.2015
Служител, извършил регистрацията/редакцията Любка_Николова
944 ## - СЪЗДАВАНЕ И РЕДАКЦИЯ на ЗАПИСА
Създаване/Редакция Редакция
Дата на регистрацията/редакция 2022-02-09
Статус, дата на статуса 2022-02-09
Служител, извършил регистрацията/редакцията К.Д.
Наличности
Код за отписване Код за изгубен артикул Източник на класификационната схема Код за повреда Коз за рестрикции Код за отдаване Артикулен № Име на библиотеката - собственик Име на библиотеката, в която се намира в момента Статус (Текущо местоположение) Дата на вписване в системата Местоположение - отдел Цена в лева Инвентарен номер Систематично азбучна сигнатура Баркод Номер на екземпляра Цена в евро Служебна бележка Служебен тип на артикула
  Не е изгубен Universal Decimal Classification Не е повреден само за читалня ползва се в читалня 273444 Регионална библиотека "Любен Каравелов" Русе Регионална библиотека "Любен Каравелов" Русе Хранилище 1962-01-01 Хранилище 0.23 12200/62 Цб 23323 900000089218 1 0.12 N: стар фонд Дата: 01.01.1962 Книги
Изтеглен Не е изгубен Universal Decimal Classification Не е повреден без рестрикции заемане за дома 273445 Регионална библиотека "Любен Каравелов" Русе Регионална библиотека "Любен Каравелов" Русе Заемна - подръчен фонд 1962-01-01 Заемна - подръчен фонд 0.00 12963/62 П 886.7-32/В 15 12963/62 2 0.00 N: стар фонд Дата: 01.01.1962 Книги
Изтеглен Не е изгубен Universal Decimal Classification Не е повреден без рестрикции заемане за дома 273446 Регионална библиотека "Любен Каравелов" Русе Регионална библиотека "Любен Каравелов" Русе Заемна - подръчен фонд 1962-01-01 Заемна - подръчен фонд 0.23 12964/62 П 886.7-32/В 15 12964/62 3 0.12 N: стар фонд Дата: 01.01.1962 Дата инв: 14.02.2018 Бележки инв: П2018 Книги
Vip Innovations Ltd, Rousse, Bulgaria 2025